000 01452nam a2200337 i 4500
003 EG-GICUC
005 20260426093624.0
008 260426s2005 ku ||||fr|||| 00| 0 ara d
017 _a78/4404
020 _a10296069
040 _a EG-GICUC
_bara
_c EG-GICUC
_d EG-GICUC
_erda
041 0 _aara
082 0 4 _221
_a341.511
_bم ح . ح
092 0 4 _221
099 _aLaw1 11 341.511 م ح . ح 2005
100 0 _aمحمد حسن القاسمي
_eمؤلف.
245 0 0 _aحكم محكمة العدل الدولية في النزاع القطري - البحريني وانعكاساته على قضية الجزر الإماراتية المحتلة /
_cد. محمد حسن القاسمي.
264 1 _aالكويت :
_bمجلس النشر العلمي،
_c2005.
300 _a87 صفحة،
_c24 سم.
336 _2rda content
_atext
337 _2rda media
_aComputer
338 _2rda carrier
_aOnline Resource
500 _aمستلة مستخرج من مجلة الحقوق علمية محكمة تصدر عن مجلس النشر العلمي جامعة
504 _aيشتمل على إرجاعات ببليوجرافية.
546 _aالنص باللغة العربية
590 _aإهداء مكتبة الأستاذ الدكتور صلاح عامر
650 1 4 _aالقانون الدولي العام
856 4 0 _uhttps://fll.law.cu.edu.eg/fulltext/bks/B11-07749.pdf
905 _a48
942 _2ddc
_cBK
_e21
_n0
999 _c73409
_d73409